Jana Zbořilová : deset zastavení se scénickou a kostýmní výtvarnicí = ten wayside stops with set and costume designer /

Hlavní autor: Koubská, Vlasta, 1959-
Další autoři: Lopaurová, Veronika, 1964-
Jazyk: Čeština
Angličtina
Vydáno: V Praze : Institut umění - Divadelní ústav, 2016
Edice: Osobnosti české scénografie
Témata:
Fyzický popis: 167 stran : ilustrace (převážně barevné), portréty ; 22 cm
Language note: Souběžný anglický text
Knihy
Uloženo v:
LEADER 02933nam a2200709 i 4500
001 nkc20162858832
003 CZ PrNK
005 20171106084954.0
007 ta
008 161130s2016 xr ac f 000 d cze
015 |a cnb002858832 
020 |a 978-80-7008-380-2  |q (brožováno) 
035 |a (OCoLC)987015455 
040 |a OLA001  |b cze  |d ABA001  |e rda 
041 1 |a cze  |a eng  |h cze 
043 |a e-xr--- 
045 |a x7y1 
072 7 |a 792  |x Divadlo. Divadelní představení  |2 Konspekt  |9 3 
080 |a 792.021.071.1-055.2  |2 MRF 
080 |a 792.024.2-055.2  |2 MRF 
080 |a 792.021  |2 MRF 
080 |a 792.024.2  |2 MRF 
080 |a 792.2/.8  |2 MRF 
080 |a (437.3)  |2 MRF 
080 |a (048.8)  |2 MRF 
080 |a (084.11)  |2 MRF 
100 1 |a Koubská, Vlasta,  |d 1959-  |7 xx0007706  |4 aut 
245 1 0 |a Jana Zbořilová :  |b deset zastavení se scénickou a kostýmní výtvarnicí = ten wayside stops with set and costume designer /  |c Vlasta Koubská ; překlad do angličtiny - AZ translations, Veronika Lopaurová 
264 1 |a V Praze :  |b Institut umění - Divadelní ústav,  |c 2016 
300 |a 167 stran :  |b ilustrace (převážně barevné), portréty ;  |c 22 cm 
336 |a text  |b txt  |2 rdacontent 
336 |a statický obraz  |b sti  |2 rdacontent 
337 |a bez média  |b n  |2 rdamedia 
338 |a svazek  |b nc  |2 rdacarrier 
490 1 |a Osobnosti české scénografie ;  |v svazek 6 
504 |a Obsahuje bibliografie a bibliografické odkazy 
546 |a Souběžný anglický text 
600 1 7 |a Zbořilová, Jana,  |d 1953-  |7 jn20000402721  |2 czenas 
648 7 |a 20.-21. století  |7 ch462155  |2 czenas 
648 4 |a 1975-2015 
650 0 7 |a scénografky  |7 ph881727  |z Česko  |y 20.-21. století  |2 czenas 
650 0 7 |a kostýmní výtvarnice  |7 ph905805  |z Česko  |y 20.-21. století  |2 czenas 
650 0 7 |a scénografie  |7 ph116114  |z Česko  |y 20.-21. století  |2 czenas 
650 0 7 |a kostýmní výtvarnictví  |7 ph121903  |z Česko  |y 20.-21. století  |2 czenas 
650 0 7 |a divadelní inscenace  |7 ph114330  |z Česko  |y 20.-21. století  |2 czenas 
650 0 9 |a women set designers  |z Czechia  |y 20th-21st centuries  |2 eczenas 
650 0 9 |a women costume designers  |z Czechia  |y 20th-21st centuries  |2 eczenas 
650 0 9 |a scenography  |z Czechia  |y 20th-21st centuries  |2 eczenas 
650 0 9 |a costume design  |z Czechia  |y 20th-21st centuries  |2 eczenas 
650 0 9 |a theatrical productions  |z Czechia  |y 20th-21st centuries  |2 eczenas 
655 7 |a monografie  |7 fd132842  |2 czenas 
655 7 |a obrazové publikace  |7 fd132947  |2 czenas 
655 9 |a monographs  |2 eczenas 
655 9 |a pictorial works  |2 eczenas 
700 1 |a Lopaurová, Veronika,  |d 1964-  |7 xx0214198  |4 trl 
830 0 |a Osobnosti české scénografie  |0 s 
910 2 |a BOA001  |b 2-1386.478 
928 9 |a Divadelní ústav 
990 |a BK 
995 |a 01 
991 |b 201703  |c NOV 
996 6 |b 2610701676  |c 2-1386.478  |l MZK  |r Sklad / do 1 hodiny  |n 4  |p p.v.  |w 001604576  |u 000010  |a 1  |e BOA001  |j MZK50  |s P